000 00385nam a2200157Ia 4500
003 GCL
008 140319s9999 xx 000 0 eng d
040 _aGCL /
_cGCL
082 0 4 _a791.43
_bP C
100 1 _aPLATT, RICHARD
245 1 0 _aCINEMA /
_cPLATT, RICHARD
260 _a[S.N] :
_bDARLING KINDERSLEY ،
_c1992
650 0 4 _aARTS
650 0 4 _aMOTION PICTURES
942 _2ddc
_cBK
999 _c19474
_d19474